| 000 | 00988nam a2200265 a 4500 | ||
|---|---|---|---|
| 001 | 000042143 | ||
| 005 | 20201002035951.0 | ||
| 008 | 131114s2012 pr r 000 p spa d | ||
| 020 | _a9780983007418 | ||
| 040 |
_aDO-SdBNP _bspa _cBNPHU |
||
| 082 |
_aPR861.44 _bS127e |
||
| 100 | 1 |
_aSáez Burgos, Juan _969138 |
|
| 245 | 1 | 3 |
_aEl gato y su violín / _cJuan Sáez Burgos ; editor Reynaldo Marcos Padua. |
| 260 |
_aSan Juan, Puerto Rico : _bLos Libros de la Iguana _bGuajana, _c2012. |
||
| 300 |
_a112 p. : _bil. ; _c22 cm. |
||
| 490 | 1 | _aGuajana | |
| 500 | _aIncluye datos biográficos del autor en la solapa de la contracubierta. | ||
| 505 | 0 |
_tI. El gato y su violín _tII. Cotidianas _tIII. Poemas en ventanas _tIV. Otros poemas |
|
| 590 | _aInventariado, 2018/BT | ||
| 650 | 4 |
_aPoesía puertorriqueña _91015 |
|
| 650 | 4 |
_aLiteratura puertorriqueña _9250 |
|
| 700 | 1 | 2 |
_aPadua, Reynaldo Marcos, _eed. _969131 |
| 830 | 0 |
_aGuajana _955960 |
|
| 910 | _aValidado. Control de calidad. MFF | ||
| 999 |
_c41632 _d41632 |
||